| 000 | 00534nam a22001937a 4500 | ||
|---|---|---|---|
| 999 |
_c5548 _d5548 |
||
| 003 | GBCCL | ||
| 005 | 20241126110544.0 | ||
| 008 | 180327b ||||| |||| 00| 0 eng d | ||
| 020 | _a0919586376 | ||
| 040 | _cgbc | ||
| 082 |
_a225.07 _bHAR |
||
| 100 |
_aHarlow, R.E. _97390 |
||
| 245 |
_aHard Verses...And how to understand them / _cR.E. Harlow |
||
| 250 | _a2nd Impression | ||
| 260 |
_aCanada: _bEveryday Publications Inc., _c1976 |
||
| 300 |
_a80 p.; _c21 cm. |
||
| 650 |
_aBible _vNew Testament _xStudy _910016 |
||
| 942 |
_2ddc _cBK _01 |
||